Normale Ansicht MARC-Ansicht ISBD

Hinübergleiten in die Freiheit. (Titelsatznr. 372408)

[ MARC ]
MARC-Details
000 -Satzkennung
Kontrollfeld mit fester Länge 00685nam a2200193 4500
008 - Feld mit fester Länge zur physischen Beschreibung - Allgemeine Angaben
Kontrollfeld mit fester Länge 210104b ||||| |||| 00| 0 eng d
040 ## - Katalogisierungsquelle
Original-Katalogisierungsstelle DE-2950
Katalogisierungssprache ger
Übertragungsstelle DE-2950
Beschreibungsfestlegungen rda
041 ## - Sprachcode
Sprachcode des Textes/der Tonspur oder des separaten Titels ger
245 ## - Titel
Haupttitel Hinübergleiten in die Freiheit.
Titelzusatz Renate Bauer und Regine Patzelt erinnern sich im gemeinsamen Gespräch an ihre Anfangszeiten bei Wichern.
264 ## - Veröffentlichungsangabe, Vertriebsangabe, Herstellungsangabe
Erscheinungs-, Vertriebs-, Herstellungsdatum 2022
653 ## - Lokales Schlagwort
Nicht-normierter Term Frankfurt (Oder)
653 ## - Lokales Schlagwort
Nicht-normierter Term Wichernheim
653 ## - Lokales Schlagwort
Nicht-normierter Term Geschichte 1970er Jahre
773 ## - Übergeordnete Einheit
Titel einfach wichern: Magazin der Wichern Diakonie Frankfurt (Oder)
Ort, Verlag und Erscheinungsjahr Frankfurt (Oder): Giraffe Werbeagentur
Verknüpfungsangaben (2022) 2, S. 6-9
942 ## - Zusätzliche Felder (Koha)
Koha-Medientyp Aufsätze
Exemplare
Ausgeschieden Verloren Beschädigt Nicht entleihbar Permanenter Standort Aktueller Standort Aufstellungsort Eingabedatum Anzahl Ausleihen Signatur Letzte Aktivität Preis gültig von Medientyp
        Stadtarchiv Frankfurt (Oder) | Archivbibliothek Stadtarchiv Frankfurt (Oder) | Archivbibliothek Magazin 03/05/2023   IV: 1550 03/05/2023 03/05/2023 Aufsätze